00381 2200157 4500245004700000020001800047250001100065100001600076650001600092005001900108260004100127041001400168084000800182300002400190336000900214 aFrom Pesantren with FuncIrvan AqilahText a9786028851411 aCet. 1 aIrvan Aqila aNovel Fiksi a20230110072036 aJakartabLingkar Pena Kreativac2011 aIndonesia a813 a182 hlm. :c20.5 cm atext